North American Cities By Metropolitan Area - Statistics

General Stats
  • This quiz has been taken 73 times
  • The average score is 14 of 16
Answer Stats
Hint Answer % Correct
6.6 M Houston
100%
13.3 M Los Angeles
100%
20.1 M New York City
100%
7.1 M Dallas-Fort Worth
96%
4.7 M Boston
94%
9.5 M Chicago
92%
20.8 M Mexico City
92%
6.0 M Miami
90%
4.6 M San Francisco
90%
6.0 M Washington D.C.
88%
6.0 M Philadelphia
82%
6.1 M Toronto
82%
5.7 M Atlanta
80%
4.8 M Guadalajara
78%
4.6 M Monterrey
76%
4.5 M Phoenix
73%
No matching quizzes found
Score Distribution
Percent of People with Each Score
Percentile by Number Answered
Your Score History
You have not taken this quiz